Statistics for Pythagorian Triples

Click here to take the quiz!

General Stats

  • This quiz has been taken 45 times
  • The average score is 11 of 20

Answer Stats

x y z % Correct
345
100%
6810
95%
91215
85%
51213
85%
121620
66%
81517
66%
72425
54%
182430
51%
152025
49%
212835
46%
243240
44%
102426
44%
273645
44%
304050
39%
202129
39%
163034
39%
153639
39%
123537
34%
94041
34%
144850
22%

Score Distribution

Percentile by Number Answered

Percent of People with Each Score

Your Score History

You have not taken this quiz